000 00339nam a2200145 i 4500
001 bg
100 1 _aWERMER, J.
245 0 _aPodstawy technologii malarstwa i grafiki /
_cJ. Wermer.
250 _aWyd.8 popr.
260 _aWarszawa,
_c1989.
040 _cBPK
041 _apol
942 _cKS
008 s pl f |000 0 pol
999 _c3980
_d3980
856 _uhttp://koha.tu.koszalin.pl/cgi-bin/koha/opac-detail.pl?biblionumber=3980
_yKatalog online BPK